[Event "Dortmund op-B"]
[Site "Dortmund"]
[Date "2005.07.17"]
[Round "9"]
[White "Quass, Michael"]
[Black "Schlinkmann, Lennart"]
[Result "1/2-1/2"]
[WhiteElo "1740"]
[BlackElo "1615"]
[PlyCount "42"]
[EventDate "2005.07.08"]
[EventType "swiss"]
[EventRounds "9"]
[EventCountry "GER"]
[SourceTitle "CBM 107 Extra"]
[Source "ChessBase"]
[SourceDate "2005.09.01"]
[SourceVersion "1"]
[SourceVersionDate "2005.09.01"]
[SourceQuality "1"]

1. Nf3 d5 2. c4 d4 3. d3 c5 4. e3 Nc6 5. exd4 Nxd4 6. Nxd4 Qxd4 7. Nc3 e5 8. Qe2 Qd6 9. Be3 a6 10. 0-0-0 Be6 11. g3 Nf6 12. h3 b5 13. Bg2 Rb8 14. Qf3 Bd7 15. Nd5 Be7 16. g4 Nxd5 17. Qxd5 Qxd5 18. Bxd5 g5 19. Kc2 b4 20. b3 f6 21. f3 h5 1/2-1/2